1716 1063 1934 1371 1300 1998 1752 1503 1297 1165 1080 1896 1147 1328 1823 1866 1095 1420 1551 1506 1362 1036 1934 1463 1958 1646 1596 1497 1494 1545 1702 1856 1339 1827 1066 1741 1837 1542 1317 1000 1633 1313 1188 1974 1635 2000 1929 1135 1131 1157 1295 1626 1675 1903 1173 1268 1550 1036 1391 1421 1528 1364 1276 1725 1461 1606 1780 1888 1399 1447 1693 1380 1296 1981 1426 1714 1823 1411 1577 1507 1017 1794 1344 1251 1472 1316 1414 1408 1112 1397 1790 1493 1188 1712 1039 1803 1331 1855 1279 BCNSPRNW ULIB Ver.6.0+V

เปลี่ยนเป็นภาษาไทย

Change to English
 แสดงรายละเอียดบรรณานุกรม
  กลับหน้าหลัก

Brief Record : Get Marc (ISO 2709) : E-mail record : QR code < ปิดหน้าต่าง
LEADER : 00000nam 2200000uu 4500
001    13399113357
003     ULIB
008    111108s2553||||th 000 0 tha d
024    9786169015376
090    นว.^bส695ร 2553
100 0  สุกัญญา แปล
245 00 รักปักใจแวมไพร์ฝึกหัด/^cสุกัญญา แปล
260    กรุงเทพฯ:^bปราชญฺ์เปรียว,^c2553.
945    ^p195^l0^i17087
995    กัณชพร
999    ^aใช้งานได้ทุกระบบ
รายการนี้ยังไม่มีแท็ก
คุณยังไม่ได้ล็อกอิน คุณสามารถมีกิจกรรมร่วมกับเว็บไซต์ได้ แต่ต้องล็อกอินก่อน ::
  ล็อกอิน

รายการสื่อสารสนเทศ

ลำดับที่ ประเภท เลขเรียก/บาร์โค้ด สถานที่ สถานะ
1. นวนิยาย
นวนิยาย
นว. ส695ร 2553  
  Barcode: 17087
ห้องสมุดวิทยาเขตสวรรค์ประชารักษ์
►นวนิยาย
บนชั้น
  ขอยืม

BibComment


ยังไม่เคยถูกคอมเมนท์

คอมเมนท์ทรัพยากรรายการนี้
  คอมเมนท์: รักปักใจแวมไพร์ฝึ..


 Copyright 2026. Bcnsprnw @Library